000 00618cam a22002053a 4500
001 45871
003 PGUSA
005 20140828084052.0
008 140603s2014||||xxu|||||s|||||000 | eng d
040 _aPGUSA
_beng
042 _adc
100 1 _aKipling, Rudyard,
_d1865-1936
245 1 2 _aA Fleet in Being :
_bNotes of Two Trips With The Channel Squadron
_h[electronic resource] /
_cRudyard Kipling
260 _bProject Gutenberg,
_c2014
506 _aPublic domain in the USA.
516 _aElectronic text
830 0 _aProject Gutenberg
_v45871
856 4 0 _uhttp://www.gutenberg.org/ebooks/45871
942 _cEB
999 _c275121
_d275121